Hakikat injil serta menjawab persoalan-persoalan bible

Bibliographic Details
Main Author: Safuddin Abdullah
Format: Book
Published: Selangor : Inter Multimedia And Publication , 2002
Subjects:

MARC

LEADER 00000cam a2200000 7i4500
001 0000012946
005 20050629.0
020 |a 9832417147 
040 |a INS 
090 0 0 |a BS535.   |b SA213 2002 
100 1 |a Safuddin Abdullah 
245 1 0 |a Hakikat injil serta menjawab persoalan-persoalan bible   |c Safuddin Abdullah 
260 |a Selangor :   |b Inter Multimedia And Publication ,   |c 2002 
300 |a vip :   |b 112p ;   |c 21cm. 
650 0 0 |a Bible   |x Criticism   |y interperprefations   |z etc 
650 0 0 |a Bible   |x Evidences   |y Authority   |z etc 
650 0 0 |a Christianty   |x Asia   |y Southeastern 
999 |a 0000010067   |b BOOK   |c Open Shelf   |e Default branch